01823nam a2200217 a 4500008004100000020001500041041000800056092001700064100002900081245004700110250008200157260003800239300001100277500008700288505098000375590004501355655002201400942001301422999001501435952015501450161215t1990 spaa|||g ||| 001 1bspa d a8485481062 aspa c809l47sLEO1 aLeón Roca, J. L.93141 aVicente Blasco IbañezcJ. L. León Roca a4a ed.bFotografias Colección de Doña Libertad Blasco y archivo del autor aValencia [España]:bS/E;c1990. a585 p. aLeón Roca, J. L. (1990). Vicente Blasco Ibañez. (4a ed.). España : El autor. aEsta biografía de Vicente Blasco Ibáñez gozó, en su día, de los elogios de la crítica, que la consideró como el relato más minucioso y documentado de la vida del ilustre novelista. Pero, con ser valiosa la opinión de los críticos, más rotunda fue la aceptación de la obra por parte del público lector, que vio en ella un monumento de admiración y verosimilitud hacia el personaje biografiado. A través de sus páginas, en ameno y siempre claro relato, va apareciendo la vida agitada de novelista en sus primeros años de lucha, así como sus campañas periodísticas. Confundido con su vida de acción, que le llevó cinco veces al Congreso como diputado republicano por Valencia, aparece, cronológicamente, la creación de su copiosa obra literaria, a la que acompañan las críticas de las novelas que, como La barraca, Entre naranjos y Cañas y barro, por citar las más representativas, merecieron los más calurosos aplausos. aDonación Anónimo. Proyecto 4to libro aBiografía93142 2ddccLIT c2290d2290 00102ddc40708FICaBFMbBFMcCRd2017-02-20eDonación Anónimo. 2016l0o809 47 LEOp3775r2017-02-20tEj.1w2017-02-20yLITzProyecto 4to libro